000 00772nam a2200241Ia 4500
001 10554
003 GE_BSU
008 181216s||||||||xx |||||||||||||| ||und||
020 _a9789941177156
040 _cGE_BSU
080 _a330.332+339.727.22
100 _aგელაშვილი,მადონა
245 _aსაინვესტიციო პოლიტიკა
245 _cრედ.მიხეილ.ჩიკვილაძე
260 _aთბილისი
260 _bუნივერსალი
260 _c2012
300 _a376გვ.ცხრ.20სმ.
300 _eბიბლიოგრ. გვ.376
541 _h21ლ.
653 _aსაინვესტიციო პოლიტიკა
942 _cBK
999 _c43809
_d43809